000 00674nam a2200277Ia 4500
005 20260324144259.0
008 008 260324s9999 xx 000 0 eng d
020 _a9781003308362
037 _aEBOOK
040 _aCRL
040 _beng
040 _cCRL
041 _2eng
041 _aeng
084 _qCRL
100 _aPhilip Frankel; Noam Pines; Mark Swilling
_91218740
245 0 _aState, Resistance and Change in South Africa
260 _bTaylor and Francis
260 _c1988
365 _a
365 _b180
856 _uhttp://www.taylorfrancis.com/books/9781003308362
942 _cEBOOK
999 _c1825167
_d1825167